|
|
|
|
| LEADER |
01182nam a2200289 u 4500 |
| 001 |
10082603 |
| 003 |
upatras |
| 005 |
20210117202343.0 |
| 008 |
091214s1977 f fre |
| 040 |
|
|
|a GR-PaULI
|c GR-PaULI
|
| 041 |
0 |
|
|a fre
|h und
|
| 082 |
1 |
4 |
|a 323.44
|2 22nd ed.
|
| 100 |
1 |
|
|a Schelling, Friedrich Wilhelm Joseph von,
|d 1775-1854
|9 7988
|
| 245 |
1 |
0 |
|a Recherches sur la liberte humaine
|c F. W. Schelling; introduction, traduction, notes et commentaires de Marc Richir
|
| 260 |
|
|
|a Paris
|b Payot
|c 1977
|
| 300 |
|
|
|a 343 p.
|c 24 cm.
|
| 490 |
0 |
|
|a Critique de la politique
|
| 650 |
|
4 |
|a Ελευθερία
|x Φιλοσοφία
|9 7182
|
| 650 |
|
4 |
|a Ανθρώπινα δικαιώματα
|9 958
|
| 650 |
|
4 |
|a Ελευθερία
|x Κοινωνικές απόψεις
|9 84096
|
| 700 |
1 |
|
|a Richir, Marc
|9 41000
|
| 760 |
0 |
|
|a Critique de la politique
|
| 852 |
|
|
|a GR-PaULI
|b ΠΑΤΡΑ
|b ΦΙΛΟΛΟΓΙΑ
|k ΔΑΝΕΙΖ-6
|h 323.44 SCH
|m 002290
|p 025000088118
|t 1
|x 33
|
| 942 |
|
|
|2 ddc
|
| 952 |
|
|
|0 0
|1 0
|4 0
|6 323_440000000000000_SCH
|7 0
|9 87507
|a LTRT
|b LTRT
|d 2016-04-24
|i 002290
|l 0
|o 323.44 SCH
|p 025000088118
|r 2016-04-24 00:00:00
|t 1
|w 2016-04-24
|
| 998 |
|
|
|c ELIDOC
|d 2009-12
|
| 999 |
|
|
|c 58380
|d 58380
|